| 000 | 00472cam a2200181ua 4500 | ||
|---|---|---|---|
| 003 | OSt | ||
| 008 | 240222b |||||||| |||| 00| 0 eng d | ||
| 020 | _a0-02-977560-4 | ||
| 041 | _aeng | ||
| 082 |
_a630.33 _bEPP/IN |
||
| 100 |
_aEpp, Donald.J . _96090 |
||
| 245 | _aIntroduction to agricultural economics / | ||
| 250 | _a1 / | ||
| 260 |
_aNewyork : _bMacMillan and Company Limited , _c1981. |
||
| 300 | _a351 ; . | ||
| 700 | 1 |
_aMalore, John.W . _96091 |
|
| 942 | _cBK | ||
| 999 |
_c1602 _d1602 |
||